[Event "IECC O-4821"]
[Site "IECC email"]
[Date "2019.04.21"]
[Round "?"]
[White "Bolash, John"]
[Black "Norman, Aaron Matthew"]
[Result "0-1"]
[WhiteElo "1495"]
[BlackElo "1400"]
[PlyCount "58"]
[EventDate "2019.??.??"]
[EventType "swiss (corr)"]
[EventRounds "2"]
[SourceTitle "Corr 2024"]
[Source "ChessBase"]
[SourceDate "2023.10.19"]
[SourceVersion "1"]
[SourceVersionDate "2023.10.19"]
[SourceQuality "1"]
[WhiteTeam "Vereinigte Staaten"]
[BlackTeam "Vereinigte Staaten"]
[WhiteTeamCountry "USA"]
[BlackTeamCountry "USA"]

1. Nf3 c5 2. c4 f5 3. Nc3 Nc6 4. g3 e5 5. Bg2 g6 6. d3 Bg7 7. a3 d6 8. Bd2 Nf6 9. Rb1 a5 10. 0-0 0-0 11. Qc1 Be6 12. Ng5 Bd7 13. Nb5 h6 14. Nf3 Kh7 15. Nxd6 e4 16. Ne1 Nd4 17. Qd1 Ba4 18. Qxa4 Nxe2+ 19. Kh1 Qxd6 20. Bxa5 Nd4 21. dxe4 Nxe4 22. Bxe4 fxe4 23. Nc2 Rxa5 24. Qxa5 Nxc2 25. b4 Qd3 26. Qxc5 Qf3+ 27. Kg1 Bd4 28. Rb3 e3 29. Rxe3 Nxe3 0-1